LIBRARY & INFORMATION CENTRE, KCAET, TAVANUR

ONLINE PUBLIC ACCESS CATALOGUE (OPAC)

Functions of a complex variable / (Record no. 2928)

MARC details
000 -LEADER
fixed length control field 00441cam a2200181ua 4500
041 ## - LANGUAGE CODE
Language code of text/sound track or separate title eng
082 ## - DEWEY DECIMAL CLASSIFICATION NUMBER
Classification number 515.9
Item number KHA/FU
100 ## - MAIN ENTRY--AUTHOR NAME
Personal name Khanna, M L .
245 ## - TITLE STATEMENT
Title Functions of a complex variable /
250 ## - EDITION STATEMENT
Edition statement 8 /
260 ## - PUBLICATION, DISTRIBUTION, ETC. (IMPRINT)
Place of publication Meerut :
Name of publisher Jai Prakash Nath & Co. ,
Year of publication 1992.
300 ## - PHYSICAL DESCRIPTION
Number of Pages 534 ; .
942 ## - ADDED ENTRY ELEMENTS (KOHA)
Koha item type Books
Holdings
Withdrawn status Lost status Damaged status Home library Current library Shelving location Date acquired Full call number Accession Number Koha item type
    Damaged KAUAET KAUAET Binding Shelf 07/04/2012 515.9 18594 Books
free website counter